000 00963nam a22002537a 4500
003 OSt
005 20260406160814.0
008 260406b |||||||| |||| 00| 0 eng d
020 _a9780716626275
040 _cHS LRC
050 _aE 77.4
_b.L581so 2016
100 _aLeonard, Scott A.
_9131548
245 _aMyths and legends of North America :
_bSouthwestern United States and Mexico /
_cScott A. Leonard
260 _aChicago, Illinois :
_bWorld Book,
_cc2016.
265 _aPES
300 _a64 pages :
_bcolor illustrations ;
_c26 cm.
365 _b1,667.00
440 _aFamous Myths and Legends of the World
_924871
504 _aIncludes glossary, references and index.
650 _aIndians of North America
_xSouthwest, New
_yFolklore
_zJuvenile literature
_9131587
650 _aIndians of Mexico
_xHistory
_yFolklore
_zJuvenile literature
_9131588
650 _aIndians of North America
_xSouthwest, New
_yJuvenile literature
_9131589
942 _2lcc
_cBK
999 _c94064
_d94064